LEADER 00912nam a2200253 4500 001 000000342103 003 CaOOAMICUS 005 20200916000000.0 008 200916s2005 it 000 u ita r 020 $a88-07-80990-7 040 $aSeMil$bita 100 1 $aBenni, Stefano,$d<1947-2025>.$0(OLS)http://semarc/name/54071 245 10$aTerra! /$cStefano Benni. 250 $a33. ed 264 1$aMilano :$bFeltrinelli,$c2005. 300 $a317 p. ;$c20 cm 830 0$aUniversale economica ;$v990.$0(OLS)http://semarc/title/11224 850 $aSeMil 852 $aSeMil$W1$xVenegono$y1$m1A VI 139$j222321$B233114$CSeMilBibl$Z2$F233114 $81 961 $aPerego don Stefano - Omaggio 996 $6020$a88-07-80990-7$9(OLS)http://semarc/number/291238 996 $6245$aTerra!$9(OLS)http://semarc/title/430973 996 $6264$aMilano :$bFeltrinelli$9(OLS)http://semarc/publisher/30237 LEADER 01384nam a2200301 4500 001 000000349044 003 CaOOAMICUS 005 20220111141201.0 008 220111s2021 gw 000 u eng r 020 $a978-3-16-160109-5 040 $aSeMil$bita 100 1 $aGallus, Petr,$d<1979- >.$0(OLS)http://semarc/name/115268 245 14$aThe perspective of resurrection :$ba trinitarian christology /$cPetr Gallus. 264 1$aTübingen :$bMohr Siebeck,$c2021. 300 $aXIV, 467 p. ;$c24 cm 490 1 $aReligion in philosophy and theology ;$v106 650 4$aTrinità - Teologia.$0(OLS)http://semarc/subject/1098 650 4$aSoteriologia.$0(OLS)http://semarc/subject/247 650 04$aCristologia.$0(OLS)http://semarc/subject/173 650 4$aRisurrezione - Teologia.$0(OLS)http://semarc/subject/7244 650 4$aGesù Cristo - Risurrezione.$0(OLS)http://semarc/subject/5599 830 0$aReligion in philosophy and theology ;$v106.$0(OLS)http://semarc/title/438325 850 $aSeMil 852 $aSeMil$W1$xVenegono$y1$m2B V 5$j231236$B240119$CSeMilBibl$Z2$F240119 $81 996 $6020$a978-3-16-160109-5$9(OLS)http://semarc/number/294986 996 $6245$aThe perspective of resurrection :$ba trinitarian christology$9(OLS)http://semarc/title/438544 996 $6264$aTübingen :$bMohr Siebeck$9(OLS)http://semarc/publisher/30329 LEADER 00948nam a2200205 i 4500 001 000000244125 003 CaOOAMICUS 005 20150730000000.0 008 150730s1796 it u000 u ita u 013 $a223030 026 $aa.a. 0.9. a.l- riti (3) 1796 (R) 040 $aSeMil$bita 245 10$aAprile. 300 $a212 p. 500 $aManca la cop. - Segn. : A-H12 I10. 773 0 $aMassini, Carlo $tSeconda raccolta di vite de' santi per ciaschedun giorno dell'anno ovvero Appendice alla raccolta delle vite de' santi si premette la vita della Santissima Vergine Maria madre di Dio.$bNuova edizione riveduta, ed accresciuta dall'autore.$dIn Bassano : A spese di Remondini di Venezia, 1796.$g[5$w()29439 850 $aSeMil 852 $aSeMil$W1$xVenegono$y1$m3H I 114 FA$j194471$B194471$CSeMilBibl$Z2$F205071 $8I 961 $aOmaggio: Biblioteca Seminario Duomo 996 $6245$aAprile$9(OLS)http://semarc/title/271409 LEADER 01250nam a2200277 i 4500 001 000000252406 003 CaOOAMICUS 005 20161230000000.0 008 161230s2015 it u000 u ita u 013 $a231311 020 $a978-88-315-4667-6 040 $aSeMil$bita 100 1 $aTommaso da Celano .$0(OLS)http://semarc/name/90433 245 10$aLeggenda di Santa Chiara Vergine /$cTommaso da Celano ; introduzione, traduzione e note di Marco Guida. 260 $aMilano :$bPaoline,$c2015. 300 $a207 p. ;$c20 cm. 490 0 $aLetture cristiane del secondo millennio ;$v55 600 04$aChiara : d'Assisi .$0(OLS)http://semarc/subject/7962 700 1 $aGuida, Marco .$0(OLS)http://semarc/name/91227 830 0$aLetture cristiane del secondo millennio ;$v55.$0(OLS)http://semarc/title/7872 850 $aSeMil 852 $aSeMil$W1$xVenegono$y1$m2S VI 255$j202752$B202752$CSeMilBibl$Z2$F215496 $81 961 $aAcquisto: San Paolo (Agente) 996 $6020$a978-88-315-4667-6$9(OLS)http://semarc/number/274742 996 $6245$aLeggenda di Santa Chiara Vergine$9(OLS)http://semarc/title/409912 996 $6260$aMilano :$bPaoline$9(OLS)http://semarc/publisher/29684 LEADER 00883nam a2200229 i 4500 001 000000234215 003 CaOOAMICUS 005 20231110142629.0 008 141010s1894 it u000 u ita u 013 $a213118 040 $aSeMil$bita 245 10$aVol. 1. 260 $aMilano :$bUlrico Hoepli,$c1894. 300 $aXVI, 269 p. :$bill. ;$c16 cm. 490 0 $aManuali Hoepli. Serie artistica ;$v23. 773 0 $aSecco Suardo, Giovanni$tRestauratore dei dipinti.$dMilano : Ulrico Hoepli, 1894.$kManuali Hoepli$g1$w()30675 830 0$aManuali Hoepli. Serie artistica ;$v23.$0(OLS)http://semarc/title/41760 850 $aSeMil 852 $aSeMil$W1$xVenegono$y1$m2ZB V 14 FA$j184561$B184561$CSeMilBibl$Z2$F195572 $8I 996 $6245$aVol. 1$9(OLS)http://semarc/title/13429 996 $6260$aMilano :$bUlrico Hoepli$9(OLS)http://semarc/publisher/29765 LEADER 01282nam a2200313 i 4500 001 000000124804 003 CaOOAMICUS 005 20050920000000.0 008 050920s1990 it u000 u ita u 013 $a97501 020 $a88-339-0547-0 040 $aSeMil$bita 245 10$aTeorie etiche contemporanee /$ca cura di Carlo Augusto Viano. 260 $aTorino :$bBollati Boringhieri,$c1990. 300 $a272 p. :$bill. ;$c22 cm. 490 0 $aNuova cultura ;$v20 500 $aFondo Card. C.M. Martini. 650 4$aFilosofia morale.$0(OLS)http://semarc/subject/232 650 4$aEtica e morale - Saggi - Miscellanea.$0(OLS)http://semarc/subject/24158 650 4$aEtica - Teorie.$0(OLS)http://semarc/subject/15315 700 1 $aViano, Carlo Augusto,$d<1929-2019>.$0(OLS)http://semarc/name/1396 830 0$aNuova cultura ;$v20.$0(OLS)http://semarc/title/10329 850 $aSeMil 852 $aSeMil$W1$xVenegono$y1$m2P IV 565$j79323$B79323$CSeMilBibl$Z2$F103245 $81 941 1 $a4 961 $aOmaggio: Martini Card. Carlo Maria 996 $6020$a88-339-0547-0$9(OLS)http://semarc/number/110621 996 $6245$aTeorie etiche contemporanee$9(OLS)http://semarc/title/183702 996 $6260$aTorino :$bBollati Boringhieri$9(OLS)http://semarc/publisher/31556